Vista normal
Vista MARC
Entrada Geographic Name
Número de registros utilizados en: 4
001 - CONTROL NUMBER
- control field: 7494
003 - CONTROL NUMBER IDENTIFIER
- control field: OSt
005 - DATE AND TIME OF LATEST TRANSACTION
- control field: 20200717230106.0
008 - FIXED-LENGTH DATA ELEMENTS
- fixed length control field: 200717|| aca||aabn | a|a d
040 ## - CATALOGING SOURCE
- Original cataloging agency: OSt
- Transcribing agency: OSt
151 ## - HEADING--GEOGRAPHIC NAME
- Geographic name: América Latina
- General subdivision: política social
670 ## - SOURCE DATA FOUND
- Source citation: Work cat.: (OSt)3733: Quenan, Carlos, coordinador 7490, Los desafíos del desarrollo en América Latina : , 2011